LIBRARY & INFORMATION CENTRE, KCAET, TAVANUR

ONLINE PUBLIC ACCESS CATALOGUE (OPAC)

Advanced pattern making / (Record no. 2277)

MARC details
000 -LEADER
fixed length control field 00378cam a2200157ua 4500
041 ## - LANGUAGE CODE
Language code of text/sound track or separate title eng
082 ## - DEWEY DECIMAL CLASSIFICATION NUMBER
Classification number 671.23
Item number COX/AD
100 ## - MAIN ENTRY--AUTHOR NAME
Personal name Cox, L.L .
245 ## - TITLE STATEMENT
Title Advanced pattern making /
250 ## - EDITION STATEMENT
Edition statement 1 /
260 ## - PUBLICATION, DISTRIBUTION, ETC. (IMPRINT)
Place of publication London :
Name of publisher The technical press Ltd ,
Year of publication 1958.
300 ## - PHYSICAL DESCRIPTION
Number of Pages 222 ; .
942 ## - ADDED ENTRY ELEMENTS (KOHA)
Koha item type Books
Holdings
Withdrawn status Lost status Damaged status Home library Current library Date acquired Full call number Accession Number Koha item type
      KAUAET KAUAET 07/04/2012 671.23 3832 Books
free website counter